000 00887nam0a2200265 4500
001 RU\NLR\bibl\1367555
005 20260405154205.0
010 _a978-5-486-02523-5
021 _aRU
_b2009-20179
_91196
035 _a(NLR Aleph) 001359703
090 _a973363
_c973363
100 _a20090512d2008 |||y0rusy50 ca
101 1 _arus
_ceng
102 _aRU
105 _ay |||||||||
200 1 _aЛунный свет. Замок в тумане
_fВиктория Клейтон
_g[пер. с англ. М. С. Акимовой]
210 _aМосква
_cМир книги
_d2008
215 _a398 с.
_d21
686 _aШ6(4Вл)67-440.4{Лх1299-50}
700 1 _4070
_8rus
_7ca
_aКлейтон
_bВ.
_cписатель
_gВиктория
_3RU\NLR\auth\7765151
_948080
801 0 _aRU
_bNLR
_c20090512
_gRCR
801 1 _aRU
_bNLR
_c20090512
942 _cBOOK
980 _aNB